00545nam a2200205Ia 4500008004100000040000600041041001200047082001100059082001100070100001500081245006400096245001500160260001400175260003600189260000900225300005500234300001000289501002500299650001500324141004s9999 xx 000 0 und d ca aEnglish a580.12 bGOE/OU aK Goebel aOutlines of classification and special morphology of plants cK Goebel aNew Delhi bInternational book distributors c1984 a515 p.  b24 cm a7A3,4  aMorphology